Adaptive Nanoparticle-Polymer Complexes as Optical Elements: Design and Application in Nanophotonics and Nanomedicine; Laser and Photonics Reviews; Vol. 15, iss. 9

Bibliographische Detailangaben
Parent link:Laser and Photonics Reviews
Vol. 15, iss. 9.— 2021.— [2000421, 28 p.]
Körperschaft: Национальный исследовательский Томский политехнический университет Исследовательская школа химических и биомедицинских технологий
Weitere Verfasser: Taljyanov P. Pavel, Fatkhutdinova Landysh Fatkhutdinova, Timin A. S. Aleksandr Sergeevich, Milichko V. A. Valentin, Zyuzin M. V. Mikhail
Zusammenfassung:Title screen
Over the last few decades, nanomaterials have attracted significant attention in diverse applications. Today, a new generation of nanomaterials, which demonstrate tunable physical and chemical properties, is able to address modern challenges in personalized medicine, adaptive optics and smart chemistry. Here, a special class of such nanomaterials - biointegrated nanoparticle-polymer complexes and their ensembles with tunable optical properties are reviewed. Key aspects of the design and synthesis of such complexes exhibiting dynamic structural changes to different external and internal stimuli (e.g., light, chemical, temperature, electric/magnetic fields and others) are discussed. Consequently, these changes allow one to tune the optical response in reversible or irreversible manner. The application of such complexes is considered as functional adaptive elements for optical filters, sensors, Bragg mirrors, artificial muscles, and drug delivery. The current state and the perspectives of further development of this research area are discussed.
Режим доступа: по договору с организацией-держателем ресурса
Sprache:Englisch
Veröffentlicht: 2021
Schlagworte:
Online-Zugang:https://doi.org/10.1002/lpor.202000421
Format: MixedMaterials Elektronisch Buchkapitel
KOHA link:https://koha.lib.tpu.ru/cgi-bin/koha/opac-detail.pl?biblionumber=667959

MARC

LEADER 00000naa0a2200000 4500
001 667959
005 20250328133740.0
035 |a (RuTPU)RU\TPU\network\39170 
035 |a RU\TPU\network\39166 
090 |a 667959 
100 |a 20220518d2021 k||y0rusy50 ba 
101 0 |a eng 
102 |a US 
135 |a drcn ---uucaa 
181 0 |a i  
182 0 |a b 
200 1 |a Adaptive Nanoparticle-Polymer Complexes as Optical Elements: Design and Application in Nanophotonics and Nanomedicine  |f P. Taljyanov, Landysh Fatkhutdinova, A. S. Timin [et al.] 
203 |a Text  |c electronic 
300 |a Title screen 
320 |a [References: 199 tit.] 
330 |a Over the last few decades, nanomaterials have attracted significant attention in diverse applications. Today, a new generation of nanomaterials, which demonstrate tunable physical and chemical properties, is able to address modern challenges in personalized medicine, adaptive optics and smart chemistry. Here, a special class of such nanomaterials - biointegrated nanoparticle-polymer complexes and their ensembles with tunable optical properties are reviewed. Key aspects of the design and synthesis of such complexes exhibiting dynamic structural changes to different external and internal stimuli (e.g., light, chemical, temperature, electric/magnetic fields and others) are discussed. Consequently, these changes allow one to tune the optical response in reversible or irreversible manner. The application of such complexes is considered as functional adaptive elements for optical filters, sensors, Bragg mirrors, artificial muscles, and drug delivery. The current state and the perspectives of further development of this research area are discussed. 
333 |a Режим доступа: по договору с организацией-держателем ресурса 
338 |b Российский научный фонд  |d 21-72-30018 
338 |b Российский фонд фундаментальных исследований  |d 20-33-90318 
461 |t Laser and Photonics Reviews 
463 |t Vol. 15, iss. 9  |v [2000421, 28 p.]  |d 2021 
610 1 |a электронный ресурс 
610 1 |a труды учёных ТПУ 
610 1 |a комплексы 
610 1 |a наночастицы 
610 1 |a полимеры 
610 1 |a нанофотоника 
610 1 |a наномедицина 
610 1 |a наноматериалы 
610 1 |a персонализированная медицина 
610 1 |a оптические свойства 
610 1 |a адаптивные элементы 
701 1 |a Taljyanov  |b P.  |g Pavel 
701 1 |a Fatkhutdinova  |b Landysh  |g Fatkhutdinova 
701 1 |a Timin  |b A. S.  |c Chemist  |c Associate Scientist of Tomsk Polytechnic University  |f 1989-  |g Aleksandr Sergeevich  |3 (RuTPU)RU\TPU\pers\37036 
701 1 |a Milichko  |b V. A.  |g Valentin 
701 1 |a Zyuzin  |b M. V.  |g Mikhail 
712 0 2 |a Национальный исследовательский Томский политехнический университет  |b Исследовательская школа химических и биомедицинских технологий  |c (2017- )  |3 (RuTPU)RU\TPU\col\23537 
801 0 |a RU  |b 63413507  |c 20220518  |g RCR 
856 4 |u https://doi.org/10.1002/lpor.202000421 
942 |c BK